| 000 | 00366nam a22001457a 4500 | ||
|---|---|---|---|
| 005 | 20250508040235.0 | ||
| 008 | 250508b |||||||| |||| 00| 0 eng d | ||
| 082 |
_222 _a894 _bSIR |
||
| 100 | _aAsoka, Mandoor | ||
| 245 | _aSirakodintha Paravaikal | ||
| 260 |
_aBatticaloa _bSt, Sebastaian Printers _c1993 |
||
| 300 | _a124 p ., | ||
| 650 | _aShort Stories | ||
| 942 | _cL | ||
| 999 |
_c6033 _d6033 |
||